El mejor de los negocios / (Registro nro. 7079)

Detalles MARC
000 -LEADER
fixed length control field 01430cam a2200337 a 4500
003 - CONTROL NUMBER IDENTIFIER
control field OSt
005 - DATE AND TIME OF LATEST TRANSACTION
control field 20210201095612.0
008 - FIXED-LENGTH DATA ELEMENTS--GENERAL INFORMATION
fixed length control field 120906s2010 ck ao r 000 0 mul d
020 ## - INTERNATIONAL STANDARD BOOK NUMBER
International Standard Book Number 9789589860342
040 ## - CATALOGING SOURCE
Original cataloging agency CO-BoPUJ
Transcribing agency CO-JMCR
041 0# - LANGUAGE CODE
Language code of text/sound track or separate title spa
-- eng
082 04 - DEWEY DECIMAL CLASSIFICATION NUMBER
Classification number 330.9861 /
Item number B928m
Edition number 23
100 1# - MAIN ENTRY--PERSONAL NAME
Personal name Buelvas, Juan Manuel,
Relator term Editor
9 (RLIN) 12923
245 03 - TITLE STATEMENT
Title El mejor de los negocios /
Statement of responsibility, etc. editor Juan Manuel Buelvas ; traducción, Andreina Riccardi
246 11 - VARYING FORM OF TITLE
Title proper/short title Best deal
250 ## - EDITION STATEMENT
Edition statement Primera edición
260 ## - PUBLICATION, DISTRIBUTION, ETC.
Place of publication, distribution, etc. Bogotá :
Name of publisher, distributor, etc. Ministerio de Minas y Energía,
Date of publication, distribution, etc. 2010
300 ## - PHYSICAL DESCRIPTION
Extent [191] páginas :
Other physical details ilustraciones, fotografías a color
Dimensions 25 x 31 cm.
505 0# - FORMATTED CONTENTS NOTE
Formatted contents note Minerales combustibles -- Minerales -- Generación de energía -- Combustibles -- Protagonistas: las personas
505 0# - FORMATTED CONTENTS NOTE
Formatted contents note Fuel minerals -- Minerals -- Generating energy -- Fuel -- Protagonist: The people
546 ## - LANGUAGE NOTE
Language note Texto en Español e Inglés.
650 14 - SUBJECT ADDED ENTRY--TOPICAL TERM
Topical term or geographic name entry element Protección del medio ambiente
Geographic subdivision Colombia
9 (RLIN) 10193
650 24 - SUBJECT ADDED ENTRY--TOPICAL TERM
Topical term or geographic name entry element Conservación del medio ambiente
Geographic subdivision Colombia
9 (RLIN) 12924
650 24 - SUBJECT ADDED ENTRY--TOPICAL TERM
Topical term or geographic name entry element Minerales
Geographic subdivision Colombia
9 (RLIN) 12925
650 24 - SUBJECT ADDED ENTRY--TOPICAL TERM
Topical term or geographic name entry element Generación de energía
9 (RLIN) 12926
650 24 - SUBJECT ADDED ENTRY--TOPICAL TERM
Topical term or geographic name entry element Economía ambiental
9 (RLIN) 12927
700 1# - ADDED ENTRY--PERSONAL NAME
Personal name Buelvas, Juan Manuel
Relator term editor
9 (RLIN) 12923
700 1# - ADDED ENTRY--PERSONAL NAME
Personal name Riccardi, Andreina
Relator term traductor
9 (RLIN) 12928
942 ## - ADDED ENTRY ELEMENTS (KOHA)
Source of classification or shelving scheme Dewey Decimal Classification
Koha item type Books
Existencias
Withdrawn status Lost status Source of classification or shelving scheme Damaged status Not for loan Home library Current library Shelving location Date acquired Source of acquisition Total Checkouts Full call number Barcode Date last seen Date last checked out Copy number Price effective from Koha item type
    Dewey Decimal Classification     Biblioteca Pública José María del Castillo y Rada Biblioteca Pública José María del Castillo y Rada General Stacks 10/02/2020 Donación 2 330.9861 / B928m 201810132 06/13/2024 06/13/2024 Ej.1 10/02/2020 Books